السيرة مستمرة / (رقم التسجيلة. 137493)

تفاصيل مارك
000 -الفاتح
عناصر البيانات ثابتة الطول 00534cam a2200169 i 4500
005 - تاريخ ووقت آخر معاملة
حقل ضبط 20251231094821.0
008 - عناصر البيانات ثابتة الطول
عناصر البيانات ثابتة الطول 250721s2018 ua gr 000 0 ara d
020 ## - الترقيم الدولي المعياري للكتب (ردمك)
الترقيم الدولي المعياري للكتب (ردمك) 9789776541542
082 14 - رقم تصنيف ديوي العشري
رقم التصنيف 219.1
رقم المادة ع م ر
100 1# - مدخل رئيسي – اسم شخصي
الاسم الشخصي العمري، أحمد خيري
علاقة الشخص بالعمل/ دوره مؤلف.
245 10 - بيان العنوان
العنوان السيرة مستمرة /
بيان المسؤولية د. احمد خيري العمري.
264 31 - بيانات النشر، التوزيع…إلخ
اسم الناشر، الموزع...إلخ عصير الكتب،
تاريخ النشر، التوزيع...إلخ 2018.
مكان النشر، التوزيع...إلخ القاهرة.
300 ## - الوصف المادي
عدد الوحدات المكونة للوعاء 448 صفحة.
650 17 - مدخل إضافي بالموضوع - مصطلح موضوعي
مصطلح موضوعي أو اسم جغرافي كعنصر مدخل السيرة النبوية.
942 ## - بيانات إضافية (كوها)
نوع التنصيف Dewey Decimal Classification
نوع المادة (كوها) كتب
المقتنيات
حالة السحب حالة الفقدان مصدر التصنيف حالة التلف غير قابل للإعارة المكتبة الرئيسية المكتبة الحالية موقع الرف تاريخ التزويد الرقم المتسلسل Total Checkouts رقم الإستدعاء الباركود تاريخ آخر ظهور تاريخ الفاتورة نوع المادة (كوها)
    Dewey Decimal Classification     المكتبة المركزية المكتبة المركزية الإعارة 28/07/2025 1685717   219.1/ع م ر PLD00424932 28/07/2025 28/07/2025 كتب
    Dewey Decimal Classification     المكتبة المركزية المكتبة المركزية مقتنيات قسم التزويد 28/07/2025 1739160   219.1/عمر   28/07/2025 28/07/2025 كتب
    Dewey Decimal Classification     مكتبة الحسن العامة مكتبة الحسن العامة الإعارة 14/08/2018 1685721   219.1/عمر PLD00427396 28/07/2025 14/08/2018 كتب
    Dewey Decimal Classification     مكتبة بيت السينما مكتبة بيت السينما الإعارة 23/09/2018 1689222   219.1/عمر PLD00433233 28/07/2025 23/09/2018 كتب
Implemented & Customized by: BBB with SCIT (Smart Chains for Information Technology)

Powered by Koha